| 000 | 01160nam0a22002531 4500 | ||
|---|---|---|---|
| 001 | rc\2776637 | ||
| 005 | 20250806204854.0 | ||
| 035 | _a(NLR Aleph) 006902923 | ||
| 090 |
_a30699 _c30699 |
||
| 100 | _a20110915d1941 u y0rusy50 ca | ||
| 101 | 0 | _arus | |
| 102 | _aRU | ||
| 105 | _ay z ||||| | ||
| 200 | 1 |
_aУказания по организации вспомогательного (аналитического) учета и корреспонденция (взаимосвязь) счетов по колхозному счетоводству по двойной системе _fНар. ком. земледелия Союза ССР и Центр. стат. упр. Госплана Союза ССР |
|
| 210 |
_aУфа _cБланкоизд-во ЦСУ Госплана СССР _d1941 |
||
| 215 |
_a52 с. _d21 см. |
||
| 710 | 0 | 1 |
_aСССР _bНародный комиссариат земледелия _3RU\NLR\AUTH\889938021 |
| 801 | 0 |
_aRU _bNLR _gpsbo |
|
| 801 | 1 |
_aRU _bELAR _2rusmarc |
|
| 852 |
_aNLR _jЭк90 Г-6/40 |
||
| 942 | _cBOOK | ||
| 945 | _aРоссийская национальная библиотека | ||
| 980 | _aNB | ||
| 980 | _aBV | ||